Deduktive Normengewinnung im Bilanzrecht Inaugural - Dissertation

Enregistré dans:
Détails bibliographiques
Auteur principal: Kämpfer, Georg
Format: Livre
Langue:allemand
Publié: Frankfurt am Main Johann Wolfgang Goethe - Universität 1986
Édition:1. Aufl.
Tags: Ajouter un tag
Pas de tags, Soyez le premier à ajouter un tag!

MARC

LEADER 00000nam a2200000 4500
001 c024369
005 20221220071251.8
041 0 |a ger 
044 |a DE 
245 1 0 |a Deduktive Normengewinnung im Bilanzrecht  |b Inaugural - Dissertation  |c Georg Kämpfer 
250 |a 1. Aufl. 
264 1 |a Frankfurt am Main  |b Johann Wolfgang Goethe - Universität  |c 1986 
300 |a 328 s. 
100 1 |a Kämpfer, Georg